000 00471nam a2200181Ia 4500
008 100917s9999 xx 000 0 und d
082 _b50793
100 _aराजहंस
245 _aदिलदार
260 _bमनोरमा प्रकाशन
_c1982
300 _a204
365 _b25
520 _aकादंबरी
630 _aदिलदार
650 _aकादंबरी
730 _aदिलदार
942 _cBOOK
999 _c656187
_d656184